[Event "Fokika op"]
[Site "Fokika"]
[Date "2009.09.04"]
[Round "1"]
[White "Voutsinas, Kosmas"]
[Black "Tzermiadianos, Andreas"]
[Result "0-1"]
[WhiteElo "1395"]
[BlackElo "2437"]
[PlyCount "86"]
[EventDate "2009.09.10"]
[EventType "swiss"]
[EventRounds "6"]
[EventCountry "GRE"]
[SourceTitle "EXT 2024"]
[Source "ChessBase"]
[SourceDate "2023.10.10"]
[SourceVersion "1"]
[SourceVersionDate "2023.10.10"]
[SourceQuality "1"]

1. e4 d5 2. e5 c5 3. Nf3 Bg4 4. c3 Nc6 5. Bb5 Qc7 6. d4 e6 7. Be3 cxd4 8. cxd4 Nge7 9. Nbd2 Bxf3 10. Bxc6+ Nxc6 11. Nxf3 Qa5+ 12. Bd2 Qa6 13. Qe2 Qxe2+ 14. Kxe2 Be7 15. a3 Kd7 16. Rhe1 a5 17. b3 Rhc8 18. Kf1 Rc7 19. Rec1 a4 20. b4 Na7 21. Rxc7+ Kxc7 22. Rc1+ Kd7 23. Bc3 Nc8 24. g3 Nb6 25. Nd2 g5 26. g4 f6 27. Bb2 Rf8 28. Rc3 h5 29. h3 hxg4 30. hxg4 fxe5 31. dxe5 Rf4 32. f3 Bd8 33. Bc1 Bc7 34. Re3 Nc8 35. Kg2 Ne7 36. Re1 Ng6 37. Bb2 Bb6 38. Kg3 Bd4 39. Bxd4 Rxd4 40. Re2 Rd3 41. Nb1 Rb3 42. Re1 Rb2 43. Nc3 Nf4 0-1

[Event "Patron CC-ch"]
[Site "Greece"]
[Date "2008.01.04"]
[Round "4"]
[White "Voutsinas, Kosmas"]
[Black "Sofos, Spyridon"]
[Result "1-0"]
[WhiteElo "1005"]
[BlackElo "1575"]
[PlyCount "73"]
[EventDate "2008.01.02"]
[EventType "swiss"]
[EventRounds "7"]
[EventCountry "GRE"]
[SourceTitle "EXT 2010"]
[Source "ChessBase"]
[SourceDate "2010.11.25"]
[SourceVersion "1"]
[SourceVersionDate "2010.11.25"]
[SourceQuality "1"]

1. e4 d6 2. d4 Nd7 3. c4 Ngf6 4. Nc3 e5 5. d5 Be7 6. Bd3 0-0 7. Nge2 a6 8. 0-0 c6 9. h3 cxd5 10. exd5 Nc5 11. Bc2 Bd7 12. Ng3 Re8 13. b4 Bxh3 14. bxc5 Qc8 15. gxh3 Qxh3 16. Bf5 Qh4 17. Qe2 g6 18. Kg2 gxf5 19. Rh1 Qd4 20. Bb2 Qxc5 21. Nxf5 Kh8 22. Rag1 b5 23. Ne4 Qxc4 24. Qxc4 bxc4 25. Nexd6 Bxd6 26. Nxd6 Re7 27. Bxe5 Rxe5 28. Nxf7+ Kg8 29. Nxe5 Rc8 30. Nc6 Nxd5 31. Kf1+ Kf8 32. Ne5 c3 33. Rxh7 c2 34. Rh8+ Ke7 35. Rxc8 Nb4 36. Nd3 Kd7 37. Rc3 1-0